书目信息 |
| 题名: |
游泳技巧图解
|
|
| 作者: | 吉村丰 , 高桥雄 | |
| 分册: | ||
| 出版信息: | 北京 北京体育大学出版社 1999 |
|
| 页数: | 222 | |
| 开本: | 20cm | |
| 丛书名: | ||
| 单 册: | ||
| 中图分类: | G86 | |
| 科图分类: | ||
| 主题词: | 雪上运动 , 水上运动 , 冰上运动 | |
| 电子资源: | ||
| ISBN: | 7-81051-415-6 | |
| 000 | 00603nam0 2200217 450 | |
| 001 | 0736480453 | |
| 005 | 20070817100800.46 | |
| 010 | @a7-81051-415-6@d¥23.60 | |
| 100 | @a20070817d km y0chiy0120 ea | |
| 101 | 0 | @achi |
| 200 | 1 | @a游泳技巧图解@Ayou yong ji qiao tu jie@f吉村丰,高桥雄@Fji cun feng,gao qiao xiong |
| 210 | @a北京@c北京体育大学出版社@d1999 | |
| 215 | @a222@d20cm | |
| 606 | 0 | @a雪上运动 |
| 606 | 0 | @a水上运动 |
| 606 | 0 | @a冰上运动 |
| 690 | @aG86@v3 | |
| 701 | 0 | @a吉村丰@Aji cun feng |
| 701 | 0 | @a高桥雄@Agao qiao xiong |
| 801 | 0 | @aCN@bPFT@c20070817 |
| 905 | @a213230@dG86@et3@f1 | |
| 游泳技巧图解/吉村丰,高桥雄.-北京:北京体育大学出版社,1999 |
| 222;20cm |
| ISBN 7-81051-415-6:¥23.60 |
| ● |
| 相关链接 |
|
|
|
|
正题名:游泳技巧图解
索取号:G86/t3
 
预约/预借
| 序号 | 登录号 | 条形码 | 馆藏地/架位号 | 状态 | 备注 |
| 1 | 6900970 | 269009707 | 密集书库-体育系/ [索取号:G86/t3] | 在馆 | |
| 2 | 6901856 | 269018564 | 密集书库-体育系/ [索取号:G86/t3] | 在馆 | |
| 3 | 6901860 | 269018608 | 密集书库-体育系/ [索取号:G86/t3] | 在馆 |